Idiomas de Filipinas en un Mapa - Estadísticas

Estadísticas generales
  • Esta prueba ha sido intentada 40 veces
  • La puntuación promedio es 3 de 11
Respuestas en el mapa
Las respuestas están codificadas por una escala verde-roja en el mapa de la prueba según el % correcto abajo.
 
Estadísticas de respuestas
Idioma % Correcto
Tagalo
100%
Cebuano
49%
Ilocano
30%
Samareño
22%
Bikol
19%
Pangasinense
19%
Hiligueino
16%
Joloano
14%
Pampango
14%
Maguindánao
11%
Maranao
8%
No se encontraron pruebas coincidentes
Distribución de puntuación
Porcentaje de gente con cada puntuación
Porcentaje por número respondido
Historial de tus puntuaciones
No has intentado esta prueba.